[Event "Faxe Dags op"]
[Site "Faxe"]
[Date "2016.04.13"]
[Round "3"]
[White "Andersen, Bjarne Hjorth"]
[Black "Arnkilde, Anders"]
[Result "1-0"]
[WhiteElo "1963"]
[BlackElo "2034"]
[PlyCount "89"]
[EventDate "2016.03.30"]
[EventType "swiss"]
[EventRounds "7"]
[EventCountry "DEN"]
[SourceTitle "EXT 2021"]
[Source "ChessBase"]
[SourceDate "2020.10.23"]
[SourceVersion "1"]
[SourceVersionDate "2020.10.23"]
[SourceQuality "1"]

1. e4 e5 2. Nf3 Nc6 3. d4 exd4 4. Nxd4 Nf6 5. Nxc6 bxc6 6. Bd3 d5 7. exd5 cxd5 8. 0-0 Be7 9. c4 d4 10. Bf4 0-0 11. Nd2 Bb7 12. Re1 Bd6 13. Bg5 h6 14. Bxf6 Qxf6 15. Qg4 Bb4 16. Re2 Bxd2 17. Rxd2 g6 18. Re1 c5 19. Rde2 Rab8 20. Qg3 Bc6 21. b3 Rbe8 22. h4 Rxe2 23. Rxe2 Re8 24. Rxe8+ Bxe8 25. h5 g5 26. Qc7 Qb6 27. Qe7 Bc6 28. Qf6 Bb7 29. Qf5 Qc6 30. Qh7+ Kf8 31. Qh8+ Ke7 32. Qe5+ Kf8 33. f3 Bc8 34. Be4 Qd7 35. Qxc5+ Kg8 36. Qd5 Qc7 37. Qxd4 Qa5 38. Qf2 Be6 39. a4 Qc3 40. Bc2 a5 41. Qe2 Qd4+ 42. Kf1 Qh4 43. g4 Qh1+ 44. Kf2 Qh4+ 45. Kg2 1-0

[Event "DEN-ch Seniors 65+"]
[Site "Koge"]
[Date "2016.02.22"]
[Round "2"]
[White "Sorensen, Bent"]
[Black "Andersen, Bjarne Hjorth"]
[Result "1-0"]
[WhiteElo "2145"]
[BlackElo "1947"]
[PlyCount "77"]
[EventDate "2016.02.21"]
[EventType "swiss"]
[EventRounds "7"]
[EventCountry "DEN"]
[SourceTitle "EXT 2018"]
[Source "ChessBase"]
[SourceDate "2017.10.13"]
[SourceVersion "1"]
[SourceVersionDate "2017.10.13"]
[SourceQuality "1"]

1. Nf3 Nf6 2. g3 g6 3. b3 Bg7 4. Bb2 0-0 5. c4 c6 6. Bg2 d5 7. 0-0 Bf5 8. d3 Qc8 9. Re1 dxc4 10. bxc4 Rd8 11. Qc2 Nbd7 12. Nbd2 Bg4 13. e4 Bxf3 14. Nxf3 e6 15. d4 Qc7 16. Rac1 Rac8 17. e5 Ne8 18. Qe4 Nb6 19. Bh3 Qe7 20. Qe3 Bf8 21. Qb3 Qb4 22. Red1 Qxb3 23. axb3 Rc7 24. Ra1 Nc8 25. Ng5 Be7 26. Ne4 b6 27. Rd3 Kg7 28. Rad1 Bb4 29. d5 cxd5 30. cxd5 exd5 31. e6+ f6 32. Rxd5 Rxd5 33. Rxd5 Rc2 34. Rd7+ Ne7 35. Bc3 Bxc3 36. Rxe7+ Kf8 37. Rf7+ Kg8 38. Bf1 Bd4 39. Rd7 1-0

[Event "Koge Xtracon op"]
[Site "Koge"]
[Date "2015.10.14"]
[Round "3"]
[White "Gottschalck, Christian"]
[Black "Andersen, Bjarne Hjorth"]
[Result "1/2-1/2"]
[WhiteElo "1817"]
[BlackElo "2037"]
[PlyCount "95"]
[EventDate "2015.10.12"]
[EventType "swiss"]
[EventRounds "9"]
[EventCountry "DEN"]
[SourceTitle "CBM 168 Extra"]
[Source "ChessBase"]
[SourceDate "2015.10.29"]
[SourceVersion "1"]
[SourceVersionDate "2015.10.29"]
[SourceQuality "1"]

1. e4 c6 2. d4 d5 3. exd5 cxd5 4. Bd3 Nc6 5. c3 Nf6 6. Bf4 g6 7. Nd2 Bg7 8. Ngf3 0-0 9. 0-0 Nh5 10. Be3 f5 11. Nb3 Qd6 12. Re1 f4 13. Bd2 Bg4 14. Be2 Rae8 15. Ne5 Bxe2 16. Qxe2 e6 17. Nc1 Nxe5 18. dxe5 Qe7 19. Qg4 Rf5 20. Nd3 Ref8 21. Qf3 Qc7 22. Re2 R8f7 23. Rae1 Bf8 24. Nc1 Ng7 25. Nb3 Bc5 26. Nxc5 Qxc5 27. Bc1 g5 28. Rd2 h5 29. h3 Qc7 30. Rde2 Qe7 31. b3 g4 32. hxg4 hxg4 33. Qxg4 Rg5 34. Qf3 Nf5 35. Qxf4 Rg6 36. Qa4 Nh4 37. f4 Nf3+ 38. Kf2 Nxe1 39. Kxe1 Qh4+ 40. Kd1 Qd8 41. Qd4 b6 42. Be3 Qh4 43. Qd2 Qh1+ 44. Kc2 Qh7 45. Kb2 Qg7 46. Bd4 Qf8 47. Rf2 Rg4 48. Be3 1/2-1/2

[Event "Faxe anniversity"]
[Site "Faxe"]
[Date "2014.04.02"]
[Round "2"]
[White "Andersen, Bjarne Hjorth"]
[Black "Frederiksen, Uffe"]
[Result "1-0"]
[WhiteElo "1884"]
[BlackElo "1705"]
[PlyCount "51"]
[EventDate "2014.03.26"]
[EventType "swiss"]
[EventRounds "7"]
[EventCountry "DEN"]
[SourceTitle "EXT 2023"]
[Source "ChessBase"]
[SourceDate "2022.10.05"]
[SourceVersion "1"]
[SourceVersionDate "2022.10.05"]
[SourceQuality "1"]

1. e4 e6 2. d4 d5 3. Nd2 Nf6 4. Bd3 Be7 5. c3 dxe4 6. Nxe4 Nxe4 7. Bxe4 c5 8. Be3 cxd4 9. Bxd4 Bf6 10. Nf3 Bxd4 11. Nxd4 Qb6 12. Qf3 0-0 13. 0-0 e5 14. Nf5 Nc6 15. Bxc6 bxc6 16. Ne7+ Kh8 17. Qxc6 Be6 18. Qxb6 axb6 19. Nc6 e4 20. a3 f5 21. Rfd1 Bb3 22. Rd6 b5 23. Nd4 Bc4 24. Rb6 Rab8 25. Rxb8 Rxb8 26. Nxf5 1-0

[Event "Faxe EMT"]
[Site "Faxe"]
[Date "2013.05.01"]
[Round "4"]
[White "Pedersen, Hans Dahl"]
[Black "Andersen, Bjarne Hjorth"]
[Result "1/2-1/2"]
[WhiteElo "2133"]
[BlackElo "1950"]
[PlyCount "105"]
[EventDate "2013.04.03"]
[EventType "swiss"]
[EventRounds "7"]
[EventCountry "DEN"]
[SourceTitle "EXT 2023"]
[Source "ChessBase"]
[SourceDate "2022.10.05"]
[SourceVersion "1"]
[SourceVersionDate "2022.10.05"]
[SourceQuality "1"]

1. c4 Nf6 2. g3 g6 3. Bg2 Bg7 4. Nc3 c5 5. Nf3 Nc6 6. d4 cxd4 7. Nxd4 0-0 8. 0-0 Nxd4 9. Qxd4 d6 10. Qd3 Rb8 11. Be3 b6 12. Bd4 Bb7 13. e4 Qd7 14. Rad1 Rfc8 15. b3 Bc6 16. a4 a6 17. Rfe1 b5 18. cxb5 axb5 19. e5 dxe5 20. Bxc6 Qxd4 21. axb5 e6 22. Qxd4 exd4 23. Rxd4 Ne8 24. Rd3 Nc7 25. Red1 Bxc3 26. Rxc3 Nxb5 27. Rcc1 Rb6 28. Bxb5 Rxc1 29. Rxc1 Rxb5 30. Rc3 Kf8 31. Kf1 Ke7 32. Ke2 Kd6 33. Kd2 Rh5 34. h4 g5 35. hxg5 Rxg5 36. Rf3 f5 37. Rf4 e5 38. Rh4 Rg7 39. Kd3 Kd5 40. Ra4 Rb7 41. Ra5+ Kd6 42. Kc4 Rc7+ 43. Kd3 Rb7 44. Kc3 Rc7+ 45. Kb2 Rb7 46. f3 Rg7 47. Ra6+ Kd5 48. Rf6 Rxg3 49. Rxf5 Kd6 50. Rf8 Ke7 51. Rf5 Ke6 52. Rf8 Ke7 53. Rf5 1/2-1/2

[Event "Faxe EMT"]
[Site "Faxe"]
[Date "2013.04.22"]
[Round "2"]
[White "Andersen, Bjarne Hjorth"]
[Black "Strandsbjerg, Jens"]
[Result "1-0"]
[WhiteElo "1950"]
[BlackElo "1612"]
[PlyCount "53"]
[EventDate "2013.04.03"]
[EventType "swiss"]
[EventRounds "7"]
[EventCountry "DEN"]
[SourceTitle "EXT 2023"]
[Source "ChessBase"]
[SourceDate "2022.10.05"]
[SourceVersion "1"]
[SourceVersionDate "2022.10.05"]
[SourceQuality "1"]

1. e4 e6 2. d4 d5 3. Nd2 Nf6 4. Bd3 c5 5. e5 Nfd7 6. c3 cxd4 7. cxd4 Nc6 8. Ne2 Qb6 9. Nb3 Be7 10. 0-0 f6 11. Be3 fxe5 12. dxe5 Qd8 13. f4 0-0 14. Ned4 Nxd4 15. Nxd4 Bc5 16. Qh5 h6 17. Rf3 Nf6 18. exf6 Qxf6 19. Qe5 Qe7 20. Nb3 Bd6 21. Qh5 Bd7 22. Rg3 Qf6 23. Bd4 e5 24. Bxe5 Bxe5 25. Qxe5 Bc6 26. Qxf6 Rxf6 27. f5 1-0

[Event "Faxe Eftermiddag-A"]
[Site "Faxe"]
[Date "2012.10.24"]
[Round "4"]
[White "Petersen, Bent Wester"]
[Black "Andersen, Bjarne Hjorth"]
[Result "1/2-1/2"]
[WhiteElo "1912"]
[BlackElo "2009"]
[PlyCount "80"]
[EventDate "2012.09.26"]
[EventType "tourn"]
[EventRounds "5"]
[EventCountry "DEN"]
[SourceTitle "EXT 2023"]
[Source "ChessBase"]
[SourceDate "2022.10.05"]
[SourceVersion "1"]
[SourceVersionDate "2022.10.05"]
[SourceQuality "1"]

1. d4 Nf6 2. c4 g6 3. Nc3 d5 4. cxd5 Nxd5 5. e4 Nxc3 6. bxc3 Bg7 7. Bc4 0-0 8. Be3 c5 9. Ne2 Nc6 10. 0-0 cxd4 11. cxd4 Bg4 12. f3 Na5 13. Bxf7+ Rxf7 14. fxg4 Rxf1+ 15. Kxf1 Qd7 16. g5 Qe6 17. e5 Nc4 18. Qd3 Rd8 19. Nf4 Nxe3+ 20. Qxe3 Qc4+ 21. Ne2 e6 22. Kg1 b5 23. a3 a5 24. Rc1 Qa2 25. h4 b4 26. axb4 axb4 27. Qe4 b3 28. Rb1 Qc2 29. Qxc2 bxc2 30. Ra1 Bxe5 31. Rc1 Bxd4+ 32. Nxd4 Rxd4 33. Rxc2 Rxh4 34. Rc8+ Kf7 35. Rc7+ Ke8 36. g3 Rh5 37. Kg2 e5 38. Kf3 Rxg5 39. Rxh7 Rf5+ 40. Ke4 Rg5 1/2-1/2

[Event "Faxe EMT"]
[Site "Faxe"]
[Date "2011.05.18"]
[Round "7"]
[White "Andersen, Bjarne Hjorth"]
[Black "Petersen, Bent Wester"]
[Result "1-0"]
[WhiteElo "1963"]
[BlackElo "1884"]
[PlyCount "111"]
[EventDate "2011.04.11"]
[EventType "swiss"]
[EventRounds "7"]
[EventCountry "DEN"]
[SourceTitle "EXT 2023"]
[Source "ChessBase"]
[SourceDate "2022.10.05"]
[SourceVersion "1"]
[SourceVersionDate "2022.10.05"]
[SourceQuality "1"]

1. e4 d5 2. exd5 Qxd5 3. Nc3 Qd8 4. Bc4 Nf6 5. Nf3 Bg4 6. Bxf7+ Kxf7 7. Ne5+ Kg8 8. Nxg4 h5 9. Nxf6+ gxf6 10. Qf3 c6 11. d3 Nd7 12. Qf5 Bg7 13. Be3 Nf8 14. 0-0-0 e6 15. Qf3 Qa5 16. Bd2 f5 17. Kb1 Qb6 18. Qe3 Qb4 19. a3 Qd6 20. Ne2 Kf7 21. Bc3 Bxc3 22. Nxc3 Ng6 23. g3 b6 24. Rhe1 Rae8 25. Qf3 b5 26. Ne4 Qd5 27. Ng5+ Kf6 28. Qxd5 cxd5 29. h4 Re7 30. d4 Rc8 31. Re2 a5 32. b3 Nf8 33. Kb2 Rc6 34. Rd3 b4 35. c3 Rb7 36. axb4 axb4 37. cxb4 Rxb4 38. Rc2 Rcb6 39. Rc7 Rb7 40. Rxb7 Rxb7 41. Rc3 Ng6 42. Rc6 Nf8 43. Kc3 f4 44. gxf4 Kf5 45. b4 Kxf4 46. Nxe6+ Nxe6 47. Rxe6 Kg4 48. Re5 Rb5 49. Rg5+ Kxh4 50. f4 Rb6 51. Rxd5 Kg4 52. Rg5+ Kxf4 53. Rxh5 Ke4 54. Re5+ Kf4 55. Kc4 Rb8 56. b5 1-0

[Event "Faxe EMT"]
[Site "Faxe"]
[Date "2011.04.27"]
[Round "4"]
[White "Hansen, Jens Hjorth"]
[Black "Andersen, Bjarne Hjorth"]
[Result "0-1"]
[WhiteElo "1936"]
[BlackElo "1963"]
[PlyCount "86"]
[EventDate "2011.04.11"]
[EventType "swiss"]
[EventRounds "7"]
[EventCountry "DEN"]
[SourceTitle "EXT 2023"]
[Source "ChessBase"]
[SourceDate "2022.10.05"]
[SourceVersion "1"]
[SourceVersionDate "2022.10.05"]
[SourceQuality "1"]

1. e4 c6 2. d4 d5 3. Nc3 dxe4 4. Nxe4 Nd7 5. Nf3 Ngf6 6. Ng3 e6 7. Bd3 c5 8. 0-0 cxd4 9. Nxd4 Bc5 10. Nf3 0-0 11. b3 b6 12. Ne4 Bb7 13. Nxc5 Nxc5 14. Be2 Qc7 15. Bb2 Rfd8 16. Qe1 Nd5 17. g3 Qe7 18. Ne5 f6 19. Nd3 Nxd3 20. Bxd3 Kh8 21. a3 Rac8 22. Rd1 Nc7 23. Qe2 e5 24. Rde1 Qe8 25. Qg4 Qf7 26. h4 Bd5 27. f4 Be6 28. Qe2 Bh3 29. fxe5 Bxf1 30. Rxf1 Nd5 31. Qe4 g6 32. Bc4 Qc7 33. Kh2 b5 34. Bd3 Nc3 35. Qf3 Qxe5 36. Qb7 Rc7 37. Qa6 Rd6 38. Qa5 Rxd3 39. Bxc3 Qe2+ 40. Kh3 Qxf1+ 41. Kh2 Qe2+ 42. Kh3 Qe6+ 43. Kh2 Rdxc3 0-1

[Event "Faxe EMT"]
[Site "Faxe"]
[Date "2009.04.01"]
[Round "3"]
[White "Andersen, Bjarne Hjorth"]
[Black "Refsgaard, Kaj"]
[Result "1/2-1/2"]
[WhiteElo "1881"]
[BlackElo "1524"]
[PlyCount "71"]
[EventDate "2009.03.18"]
[EventType "swiss"]
[EventRounds "7"]
[EventCountry "DEN"]
[SourceTitle "EXT 2023"]
[Source "ChessBase"]
[SourceDate "2022.10.05"]
[SourceVersion "1"]
[SourceVersionDate "2022.10.05"]
[SourceQuality "1"]

1. e4 c5 2. Nf3 Nc6 3. d4 cxd4 4. Nxd4 g6 5. Nc3 Bg7 6. Be3 Nf6 7. f3 d6 8. Qd2 Nxd4 9. Bxd4 0-0 10. h4 h5 11. 0-0-0 Qa5 12. Kb1 Be6 13. Nd5 Qxd2 14. Nxe7+ Kh8 15. Rxd2 Rfe8 16. Bxf6 Bxf6 17. Nd5 Bxd5 18. Rxd5 Be5 19. Bc4 Kg7 20. Rdd1 Rac8 21. Bd5 b6 22. Rdf1 Rc5 23. c4 a5 24. b3 Rb8 25. f4 Bd4 26. f5 b5 27. cxb5 Rbxb5 28. fxg6 f6 29. Rc1 Kxg6 30. a4 Rxc1+ 31. Rxc1 Rc5 32. Rf1 Rc3 33. Rc1 Rxc1+ 34. Kxc1 Bf2 35. Kd2 Bxh4 36. Ke2 1/2-1/2

[Event "Ostsjaellands op"]
[Site "Faxe"]
[Date "2006.04.26"]
[Round "6"]
[White "Refsgaard, Kaj"]
[Black "Andersen, Bjarne Hjorth"]
[Result "0-1"]
[WhiteElo "1785"]
[BlackElo "1783"]
[PlyCount "154"]
[EventDate "2006.03.15"]
[EventType "swiss"]
[EventRounds "7"]
[EventCountry "DEN"]
[SourceTitle "EXT 2023"]
[Source "ChessBase"]
[SourceDate "2022.10.05"]
[SourceVersion "1"]
[SourceVersionDate "2022.10.05"]
[SourceQuality "1"]

1. d4 Nf6 2. Bg5 e6 3. e3 c5 4. c3 cxd4 5. exd4 d5 6. Bd3 Be7 7. Nf3 Nc6 8. 0-0 Bd7 9. Nbd2 Rc8 10. b4 a6 11. Qe2 0-0 12. Rfc1 h6 13. Bh4 Na7 14. a4 Qe8 15. Ne5 Bxa4 16. Qf3 Bc6 17. Nxc6 Qxc6 18. Nb3 Rfe8 19. Nc5 Nd7 20. Bg3 Nxc5 21. bxc5 Nb5 22. Bf4 Bf8 23. Rab1 b6 24. cxb6 Qxb6 25. Qe2 Qa5 26. Bxb5 axb5 27. Rxb5 Qa3 28. Qd3 Rc4 29. g3 Rec8 30. Bd2 Be7 31. Rcb1 Qa8 32. R1b3 Ra4 33. Rb7 Ra7 34. R7b5 Bd6 35. Qf3 Ra3 36. Rb7 Rf8 37. R3b6 Ra6 38. Qg4 Kh7 39. Rb5 Ra7 40. Rxa7 Qxa7 41. Qf3 Kg8 42. Qd3 Rb8 43. Qb1 Rxb5 44. Qxb5 Qb8 45. Qa4 Kf8 46. Qa2 Qb5 47. Bc1 Kg8 48. Kg2 Qd3 49. Qd2 Qxd2 50. Bxd2 h5 51. Kf3 Kh7 52. Ke2 Kg6 53. Kd3 Kf5 54. h3 g6 55. Be3 g5 56. Bd2 f6 57. Be1 e5 58. f3 g4 59. fxg4+ hxg4 60. h4 Bc7 61. Ke2 e4 62. Kf2 Bd6 63. Bd2 Ba3 64. h5 Bb2 65. Ke2 Ba3 66. Kd1 Bd6 67. Bf4 Bxf4 68. gxf4 Ke6 69. c4 dxc4 70. h6 g3 71. Ke2 c3 72. h7 c2 73. h8Q c1Q 74. Qh3+ Ke7 75. Qh7+ Kd6 76. Qxe4 Qb2+ 77. Kf1 Qf2# 0-1